| 000 | 00496nam a22001697a 4500 | ||
|---|---|---|---|
| 003 | SGT | ||
| 020 | _a9780070588721 | ||
| 082 | _a650.14,PLA | ||
| 100 | _aPUBLIC LIBRARY ASSOCIATION | ||
| 245 | _aTHE GUIDE TO BASIC RESUME WRITING | ||
| 250 | _a2ND | ||
| 260 |
_aNEW DELHI _bTMH _c2003 |
||
| 300 | _a131 | ||
| 650 | _aMANAGEMENT & PUBLIC RELATIONS | ||
| 653 | _aGENERAL GUIDELINES FOR WRITING RESUMES, ADVICE FROM THE EXPERTS, COVER LETTERS, AND REFERENCES, SAMPLE RESUME, | ||
| 942 |
_2ddc _cFCM |
||
| 999 |
_c9237 _d9237 |
||